00730 2200241 4500001002100000005001500021035002000036007000300056008004100059020002200100082001000122084001600132100002700148245013500175250001100310260003500321300003500356650002800391700001700419520003000436990001100466990001100477INLIS00000000000311820190207092651 a0010-0219000060ta190207 g 0 ind  a978-602-6827-77-7 a371.3 a371.3 MUH b0 aMUHAMMAD, Fathurrohman1 aBelajar dan Pembelajaran :bMembantu Meningkatkan Mutu Pembelajaran Sesuai Standar Nasional /cMuhammad Fathurrohman, Sulistyorini acet. 1 aYogyakarta :bKalimedia,c2018 aviii, 320 hlm :bilus ;c20 cm aPENDIDIKAN.PEMBELAJARAN0 aSULISTYORINI aBibliografi: hlm. 309-320 a6461 a a6461 b